Mujeres y sociedad: nuevos enfoques teóricos y metodológicos /
Los textos que se recogen en este volumen corresponden en su mayoría a las conferencias o lecciones que formaron el curso Nuevos Enfoques Teóricos y Metodológicos del Programa de Doctorado Mujeres y Sociedad iniciado en 1990 en la Universidad de Barcelona. Este programa de Doctorado, el primero sobr...
Gespeichert in:
| 1. Verfasser: | |
|---|---|
| Weitere Verfasser: | |
| Format: | Text |
| Veröffentlicht: |
Barcelona:
Universitat de Barcelona
|
| Schlagworte: | |
| Tags: |
Tag hinzufügen
Keine Tags, Fügen Sie den ersten Tag hinzu!
|
MARC
| LEADER | 00000 a a2200000 04500 | ||
|---|---|---|---|
| 001 | 18598 | ||
| 003 | |||
| 040 | |||
| 090 | |a 143700 | ||
| 100 | |a Luna, Lola G. | ||
| 245 | |a Mujeres y sociedad: nuevos enfoques teóricos y metodológicos / |c Lola G. Luna. | ||
| 260 | |a Barcelona: |b Universitat de Barcelona | ||
| 300 | |a 196 p. | ||
| 520 | |a Los textos que se recogen en este volumen corresponden en su mayoría a las conferencias o lecciones que formaron el curso Nuevos Enfoques Teóricos y Metodológicos del Programa de Doctorado Mujeres y Sociedad iniciado en 1990 en la Universidad de Barcelona. Este programa de Doctorado, el primero sobre el tema que tiene carácter interdepartamental y pluridisciplinar y es un intento de romper barreras y abrir al tema de las mujeres el nivel de investigación del Tercer Ciclo, así como estudiar a las mujeres en el conjunto de las relaciones sociales en las que estamos inmersas. Rev/PAG | ||
| 650 | |a MUJERES | ||
| 650 | |a TRABAJO | ||
| 650 | |a ROL DE LA MUJER | ||
| 700 | |a comp | ||
| 999 | |c 10590 |d 10590 | ||
